000 00166nam a2200097Ia 4500
100 _a#N/A
942 _cBK
245 _aLFY
260 _b#N/A
_c2004
546 _aENGLISH
999 _c18644
_d18644